| 000 | 00891 a2200217 4500 | ||
|---|---|---|---|
| 005 | 20110902135917.0 | ||
| 010 | _aENG-89402 | ||
| 020 |
_a8185883602 _c50.00 |
||
| 035 | _aEN-72935 | ||
| 035 | _aG-001354 | ||
| 037 | _bDBAD / PUB | ||
| 082 | 1 | 4 | _a181.432 |
| 100 |
_aJyotir Maya Nanda, _934177 |
||
| 245 | 1 |
_aIntegral yoga: _cby Jyotir Maya Nanda _ba primer course/ |
|
| 260 |
_aGhaziabad _bInternational Yoga Society _c2008 |
||
| 270 |
_aLal Bagh, Loni _bGhaziabad _e201102 _miys@vsnl.com _cGhaziabad _k0120-2600237 |
||
| 300 |
_a119p.: _c22 cm (Pbk) _bill |
||
| 942 |
_adpl _cEN _kJYO _2ddc _h181.432 |
||
| 999 |
_c10563 _d10563 |
||